00402nam a2200133Ia 45000010005000000080041000050200022000460820020000681000050000882450061001382600027001999010027002269990015002534581241024s9999 xx 000 0 und d a978-9945-492-65-1 aRD/861.44/R426f aRepública Dominicana. Ministerio de Cultura 0aFlor de Cactus. Antología poética del sur dominicano bEditora Nacionalc2015 a17/1/2017 9:52:15 a.m. c7867d7867